[Event "New Zealand Junior Championship"]
[Site "Wellington"]
[Date "2023.01.07"]
[Round "5.3"]
[White "Van der Hoorn, Thomas"]
[Black "Young, Cohen"]
[Result "1/2-1/2"]
[WhiteElo "2068"]
[BlackElo "1994"]

1. d4 {[%clk 01:00:23] [%emt 00:00:36]} 1... Nf6 {[%clk 01:00:58] [%emt
00:00:03]} 2. c4 {[%clk 01:00:46] [%emt 00:00:07]} 2... e6 {[%clk 01:01:25]
[%emt 00:00:03]} 3. Nc3 {[%clk 01:01:10] [%emt 00:00:05]} 3... Bb4 {[%clk
01:01:51] [%emt 00:00:04]} 4. f3 {[%clk 01:00:37] [%emt 00:01:03]} 4... d5
{[%clk 01:01:58] [%emt 00:00:24]} 5. a3 {[%clk 01:00:57] [%emt 00:00:10]} 5...
Bxc3+ {[%clk 01:02:15] [%emt 00:00:12]} 6. bxc3 {[%clk 01:01:22] [%emt
00:00:06]} 6... c5 {[%clk 01:02:31] [%emt 00:00:14]} 7. cxd5 {[%clk 01:00:37]
[%emt 00:01:14]} 7... Nxd5 {[%clk 01:02:49] [%emt 00:00:12]} 8. Qc2 {[%clk
00:58:07] [%emt 00:03:00]} 8... cxd4 {[%clk 00:58:16] [%emt 00:05:04]} 9. cxd4
{[%clk 00:58:16] [%emt 00:00:21]} 9... Nc6 {[%clk 00:56:28] [%emt 00:02:18]}
10. e3 {[%clk 00:56:34] [%emt 00:02:11]} 10... O-O {[%clk 00:53:50] [%emt
00:03:08]} 11. Bd3 {[%clk 00:56:36] [%emt 00:00:28]} 11... f5 {[%clk 00:40:56]
[%emt 00:13:23]} 12. Ne2 {[%clk 00:54:22] [%emt 00:02:44]} 12... Qg5 {[%clk
00:36:52] [%emt 00:04:35]} 13. e4 {[%clk 00:42:47] [%emt 00:12:06]} 13... Ne3
{[%clk 00:37:12] [%emt 00:00:10]} 14. Bxe3 {[%clk 00:43:03] [%emt 00:00:14]}
14... Qxe3 {[%clk 00:37:31] [%emt 00:00:12]} 15. Qd2 {[%clk 00:42:40] [%emt
00:00:53]} 15... Qxd2+ {[%clk 00:35:46] [%emt 00:02:14]} 16. Kxd2 {[%clk
00:43:03] [%emt 00:00:07]} 16... fxe4 {[%clk 00:36:13] [%emt 00:00:03]} 17.
Bxe4 {[%clk 00:43:19] [%emt 00:00:14]} 17... Na5 {[%clk 00:35:36] [%emt
00:01:07]} 18. Rab1 {[%clk 00:37:43] [%emt 00:06:05]} 18... Rb8 {[%clk
00:36:00] [%emt 00:00:06]} 19. a4 {[%clk 00:34:41] [%emt 00:03:33]} 19... Bd7
{[%clk 00:35:14] [%emt 00:01:15]} 20. Nc3 {[%clk 00:32:44] [%emt 00:02:27]}
20... a6 {[%clk 00:34:26] [%emt 00:01:18]} 21. Bd3 {[%clk 00:31:03] [%emt
00:02:10]} 21... Rfc8 {[%clk 00:32:28] [%emt 00:02:28]} 22. Rb6 {[%clk
00:25:05] [%emt 00:06:28]} 22... Nc4+ {[%clk 00:31:06] [%emt 00:01:52]} 23.
Bxc4 {[%clk 00:25:30] [%emt 00:00:05]} 23... Rxc4 {[%clk 00:31:32] [%emt
00:00:04]} 24. Kd3 {[%clk 00:25:20] [%emt 00:00:40]} 24... Rbc8 {[%clk
00:31:49] [%emt 00:00:13]} 25. Rb3 {[%clk 00:25:04] [%emt 00:00:45]} 25... Bxa4
{[%clk 00:22:24] [%emt 00:09:56]} 26. Nxa4 {[%clk 00:25:21] [%emt 00:00:14]}
26... Rxa4 {[%clk 00:22:50] [%emt 00:00:03]} 27. Rxb7 {[%clk 00:25:43] [%emt
00:00:10]} 27... Rd8 {[%clk 00:23:14] [%emt 00:00:04]} 28. Rc1 {[%clk 00:24:33]
[%emt 00:01:39]} 28... Raxd4+ {[%clk 00:22:51] [%emt 00:00:53]} 29. Ke3 {[%clk
00:24:51] [%emt 00:00:11]} 29... Rd2 {[%clk 00:22:35] [%emt 00:00:46]} 30. g3
{[%clk 00:22:23] [%emt 00:02:59]} 30... R8d7 {[%clk 00:19:27] [%emt 00:03:38]}
31. Rxd7 {[%clk 00:21:29] [%emt 00:01:23]} 31... Rxd7 {[%clk 00:19:50] [%emt
00:00:07]} 32. Rc6 {[%clk 00:21:41] [%emt 00:00:17]} 32... Ra7 {[%clk 00:19:47]
[%emt 00:00:33]} 33. Rxe6 {[%clk 00:21:36] [%emt 00:00:36]} 33... a5 {[%clk
00:20:14] [%emt 00:00:02]} 34. Kd2 {[%clk 00:21:49] [%emt 00:00:15]} 34... a4
{[%clk 00:14:32] [%emt 00:06:14]} 35. Kc2 {[%clk 00:22:06] [%emt 00:00:13]}
35... a3 {[%clk 00:14:54] [%emt 00:00:08]} 36. Kb1 {[%clk 00:22:15] [%emt
00:00:20]} 36... Kf7 {[%clk 00:15:05] [%emt 00:00:19]} 37. Rb6 {[%clk 00:21:44]
[%emt 00:01:01]} 37... g5 {[%clk 00:14:45] [%emt 00:00:50]} 38. Ka2 {[%clk
00:20:42] [%emt 00:01:33]} 38... Kg7 {[%clk 00:14:39] [%emt 00:00:36]} 39. h3
{[%clk 00:20:06] [%emt 00:01:06]} 39... h5 {[%clk 00:13:14] [%emt 00:01:55]}
40. f4 {[%clk 00:19:06] [%emt 00:01:30]} 40... gxf4 {[%clk 00:12:37] [%emt
00:01:07]} 41. gxf4 {[%clk 00:19:32] [%emt 00:00:04]} 41... Ra4 {[%clk
00:12:46] [%emt 00:00:22]} 42. f5 {[%clk 00:19:31] [%emt 00:00:30]} 42... Rh4
{[%clk 00:13:01] [%emt 00:00:14]} 43. Rb3 {[%clk 00:19:29] [%emt 00:00:33]}
43... Kf6 {[%clk 00:13:16] [%emt 00:00:15]} 44. Kxa3 {[%clk 00:19:43] [%emt
00:00:16]} 44... Kxf5 {[%clk 00:13:26] [%emt 00:00:20]} 45. Kb2 {[%clk
00:20:03] [%emt 00:00:10]} 45... Ke5 {[%emt 00:01:07]} 1/2-1/2

[Event "New Zealand Junior Championship"]
[Site "Wellington"]
[Date "2023.01.07"]
[Round "5.4"]
[White "Loke, Kayden"]
[Black "Hwang, Ryan"]
[Result "1/2-1/2"]
[WhiteElo "1972"]
[BlackElo "1655"]

1. e4 {[%clk 01:00:55] [%emt 00:00:04]} 1... c5 {[%clk 01:00:51] [%emt
00:00:09]} 2. Nf3 {[%clk 01:01:21] [%emt 00:00:03]} 2... Nc6 {[%clk 01:01:13]
[%emt 00:00:09]} 3. c3 {[%clk 01:01:45] [%emt 00:00:06]} 3... d6 {[%clk
01:01:11] [%emt 00:00:31]} 4. d4 {[%clk 01:02:09] [%emt 00:00:06]} 4... cxd4
{[%clk 01:01:35] [%emt 00:00:07]} 5. cxd4 {[%clk 01:02:35] [%emt 00:00:04]}
5... e6 {[%clk 00:56:59] [%emt 00:05:06]} 6. Nc3 {[%clk 01:02:38] [%emt
00:00:26]} 6... a6 {[%clk 00:54:57] [%emt 00:02:33]} 7. Be3 {[%clk 01:00:15]
[%emt 00:02:53]} 7... Nf6 {[%clk 00:54:20] [%emt 00:01:07]} 8. Rc1 {[%clk
01:00:02] [%emt 00:00:43]} 8... Bd7 {[%clk 00:50:35] [%emt 00:04:14]} 9. Be2
{[%clk 01:00:17] [%emt 00:00:16]} 9... Rc8 {[%clk 00:47:59] [%emt 00:03:06]}
10. O-O {[%clk 01:00:33] [%emt 00:00:13]} 10... h6 {[%clk 00:42:42] [%emt
00:05:48]} 11. d5 {[%clk 00:59:41] [%emt 00:01:23]} 11... exd5 {[%clk 00:42:20]
[%emt 00:00:52]} 12. Nxd5 {[%clk 00:57:25] [%emt 00:02:46]} 12... Nxd5 {[%clk
00:41:07] [%emt 00:01:43]} 13. exd5 {[%clk 00:57:22] [%emt 00:00:33]} 13... Ne7
{[%clk 00:38:29] [%emt 00:03:07]} 14. Qb3 {[%clk 00:56:42] [%emt 00:01:09]}
14... b5 {[%clk 00:37:37] [%emt 00:01:23]} 15. Nd4 {[%clk 00:54:15] [%emt
00:02:57]} 15... g6 {[%clk 00:32:07] [%emt 00:05:59]} 16. Rfe1 {[%clk 00:54:12]
[%emt 00:00:32]} 16... Bg7 {[%clk 00:31:25] [%emt 00:01:13]} 17. Nc6 {[%clk
00:52:37] [%emt 00:02:05]} 17... Nxc6 {[%clk 00:28:35] [%emt 00:03:20]} 18.
dxc6 {[%clk 00:52:56] [%emt 00:00:12]} 18... Rxc6 {[%clk 00:25:46] [%emt
00:03:20]} 19. Rxc6 {[%clk 00:52:41] [%emt 00:00:44]} 19... Bxc6 {[%clk
00:24:53] [%emt 00:01:23]} 20. Bf3 {[%clk 00:52:55] [%emt 00:00:16]} 20... Qd7
{[%clk 00:21:18] [%emt 00:04:05]} 21. Bxh6+ {[%clk 00:53:10] [%emt 00:00:15]}
21... Be5 {[%clk 00:17:55] [%emt 00:03:53]} 22. Bg7 {[%clk 00:53:01] [%emt
00:00:39]} 22... Rh7 {[%clk 00:15:47] [%emt 00:02:38]} 23. Bxe5 {[%clk
00:53:23] [%emt 00:00:09]} 23... dxe5 {[%clk 00:15:14] [%emt 00:01:04]} 24. Qc3
{[%clk 00:53:32] [%emt 00:00:19]} 24... Bxf3 {[%clk 00:13:13] [%emt 00:02:31]}
25. Rxe5+ {[%clk 00:53:52] [%emt 00:00:10]} 25... Kf8 {[%clk 00:13:26] [%emt
00:00:17]} 26. Qxf3 {[%clk 00:54:12] [%emt 00:00:10]} 26... Qc7 {[%clk
00:12:53] [%emt 00:01:02]} 27. Qc3 {[%clk 00:54:09] [%emt 00:00:34]} 27... Qd6
{[%clk 00:12:16] [%emt 00:01:08]} 28. Qc5 {[%clk 00:54:27] [%emt 00:00:12]}
28... Qxc5 {[%clk 00:12:07] [%emt 00:00:38]} 29. Rxc5 {[%clk 00:53:23] [%emt
00:01:35]} 29... Rh4 {[%clk 00:12:01] [%emt 00:00:35]} 30. g3 {[%clk 00:53:36]
[%emt 00:00:18]} 30... Rd4 {[%clk 00:11:31] [%emt 00:00:59]} 31. Rc6 {[%clk
00:53:45] [%emt 00:00:22]} 31... Rd2 {[%clk 00:11:19] [%emt 00:00:40]} 32. Rxa6
{[%clk 00:54:10] [%emt 00:00:07]} 32... Rxb2 {[%clk 00:11:40] [%emt 00:00:09]}
33. h4 {[%clk 00:54:35] [%emt 00:00:04]} 33... Ke7 {[%clk 00:11:14] [%emt
00:00:57]} 34. Kg2 {[%clk 00:54:53] [%emt 00:00:11]} 34... Kf8 {[%clk 00:10:59]
[%emt 00:00:45]} 35. g4 {[%clk 00:55:18] [%emt 00:00:06]} 35... Kg7 {[%clk
00:11:05] [%emt 00:00:24]} 36. Kg3 {[%clk 00:55:44] [%emt 00:00:04]} 36... b4
{[%clk 00:09:14] [%emt 00:02:21]} 37. h5 {[%clk 00:55:44] [%emt 00:00:29]}
37... gxh5 {[%clk 00:08:53] [%emt 00:00:52]} 38. gxh5 {[%clk 00:56:08] [%emt
00:00:06]} 38... b3 {[%clk 00:09:00] [%emt 00:00:24]} 39. axb3 {[%clk 00:56:31]
[%emt 00:00:06]} 39... Rxb3+ {[%clk 00:09:28] [%emt 00:00:01]} 40. Kg4 {[%clk
00:56:53] [%emt 00:00:08]} 40... Rb4+ {[%clk 00:07:52] [%emt 00:01:59]} 41. f4
{[%clk 00:57:18] [%emt 00:00:13]} 41... Rb1 {[%clk 00:08:05] [%emt 00:00:17]}
42. Kg5 {[%clk 00:57:21] [%emt 00:00:27]} 42... Rb5+ {[%clk 00:07:32] [%emt
00:01:03]} 43. f5 {[%clk 00:57:36] [%emt 00:00:15]} 43... Rb1 {[%clk 00:07:52]
[%emt 00:00:09]} 44. h6+ {[%clk 00:57:48] [%emt 00:00:18]} 44... Kg8 {[%clk
00:06:17] [%emt 00:02:05]} 45. Kf6 {[%clk 00:58:00] [%emt 00:00:18]} 45... Rb7
{[%clk 00:05:36] [%emt 00:01:09]} 46. Ra8+ {[%clk 00:58:16] [%emt 00:00:16]}
46... Kh7 {[%clk 00:06:00] [%emt 00:00:06]} 47. Rf8 {[%clk 00:58:34] [%emt
00:00:11]} 47... Rb6+ {[%clk 00:05:04] [%emt 00:01:27]} 48. Kxf7 {[%clk
00:58:58] [%emt 00:00:06]} 48... Kxh6 {[%clk 00:04:21] [%emt 00:01:12]} 49. f6
{[%clk 00:58:07] [%emt 00:01:22]} 49... Kg5 {[%clk 00:04:05] [%emt 00:00:44]}
50. Kg7 {[%clk 00:58:31] [%emt 00:00:08]} 50... Kf5 {[%clk 00:03:35] [%emt
00:01:00]} 51. f7 {[%clk 00:58:06] [%emt 00:00:55]} 51... Rg6+ {[%clk 00:03:12]
[%emt 00:00:53]} 52. Kh7 {[%clk 00:58:30] [%emt 00:00:05]} 52... Rf6 {[%clk
00:02:29] [%emt 00:01:14]} 53. Kg8 {[%clk 00:57:02] [%emt 00:01:58]} 53... Rg6+
{[%clk 00:02:45] [%emt 00:00:14]} 54. Kh8 {[%clk 00:57:27] [%emt 00:00:04]}
54... Rh6+ {[%clk 00:03:07] [%emt 00:00:08]} 55. Kg7 {[%clk 00:57:48] [%emt
00:00:10]} 55... Rg6+ {[%clk 00:03:31] [%emt 00:00:06]} 56. Kh7 {[%clk
00:58:12] [%emt 00:00:05]} 56... Rf6 {[%clk 00:03:48] [%emt 00:00:14]} 57. Ra8
{[%clk 00:58:13] [%emt 00:00:30]} 57... Rxf7+ {[%clk 00:04:08] [%emt 00:00:10]}
58. Kh6 {[%clk 00:58:38] [%emt 00:00:05]} 58... Re7 {[%clk 00:04:08] [%emt
00:00:29]} 59. Ra5+ {[%clk 00:59:00] [%emt 00:00:09]} 59... Re5 {[%clk
00:04:35] [%emt 00:00:03]} 60. Ra3 {[%clk 00:59:22] [%emt 00:00:08]} 60... Kf6
{[%clk 00:04:36] [%emt 00:00:28]} 61. Kh7 {[%clk 00:59:33] [%emt 00:00:21]}
61... Rh5+ {[%clk 00:04:18] [%emt 00:00:47]} 62. Kg8 {[%clk 00:59:59] [%emt
00:00:05]} 62... Rg5+ {[%clk 00:04:33] [%emt 00:00:15]} 63. Kf8 {[%clk
01:00:25] [%emt 00:00:04]} 63... Re5 {[%clk 00:04:35] [%emt 00:00:27]} 64. Ra4
{[%clk 01:00:42] [%emt 00:00:14]} 64... Kf5 {[%clk 00:04:23] [%emt 00:00:41]}
65. Kf7 {[%clk 01:01:07] [%emt 00:00:06]} 65... Re4 {[%clk 00:04:34] [%emt
00:00:18]} 66. Ra2 {[%clk 01:01:27] [%emt 00:00:10]} 66... Rd4 {[%clk 00:04:39]
[%emt 00:00:26]} 67. Ra5+ {[%clk 01:01:51] [%emt 00:00:06]} 67... Ke4 {[%clk
00:04:30] [%emt 00:00:37]} 68. Ke6 {[%clk 01:02:18] [%emt 00:00:05]} 68... Rb4
{[%clk 00:04:29] [%emt 00:00:28]} 69. Ra6 {[%clk 01:02:16] [%emt 00:00:36]}
69... Rc4 {[%clk 00:04:23] [%emt 00:00:33]} 70. Ra1 {[%clk 01:02:06] [%emt
00:00:42]} 70... Rc6+ {[%clk 00:04:27] [%emt 00:00:25]} 71. Kd7 {[%clk
01:02:33] [%emt 00:00:04]} 71... Rc3 {[%clk 00:04:46] [%emt 00:00:10]} 72. Kd6
{[%clk 01:02:45] [%emt 00:00:19]} 72... Rd3+ {[%clk 00:05:01] [%emt 00:00:16]}
73. Ke6 {[%clk 01:03:11] [%emt 00:00:04]} 73... Rb3 {[%clk 00:05:14] [%emt
00:00:16]} 74. Ra4+ {[%clk 01:03:34] [%emt 00:00:08]} 74... Kd3 {[%clk
00:05:28] [%emt 00:00:14]} 75. Kd5 {[%clk 01:02:13] [%emt 00:01:53]} 75... Rb5+
{[%clk 00:05:13] [%emt 00:00:46]} 76. Kc6 {[%clk 01:02:38] [%emt 00:00:06]}
76... Rb3 {[%clk 00:05:27] [%emt 00:00:14]} 77. Kc5 {[%clk 01:03:04] [%emt
00:00:06]} 77... Rc3+ {[%clk 00:05:39] [%emt 00:00:17]} 78. Kd5 {[%clk
01:03:28] [%emt 00:00:06]} 78... Rb3 {[%clk 00:05:53] [%emt 00:00:16]} 79. Ra1
{[%clk 01:03:43] [%emt 00:00:15]} 79... Rb5+ {[%clk 00:06:06] [%emt 00:00:16]}
80. Kc6 {[%clk 01:04:09] [%emt 00:00:05]} 80... Rb2 {[%clk 00:06:30] [%emt
00:00:06]} 81. Kc5 {[%clk 01:04:32] [%emt 00:00:07]} 81... Rc2+ {[%clk
00:06:47] [%emt 00:00:11]} 82. Kd5 {[%clk 01:04:58] [%emt 00:00:06]} 82... Kc3
{[%clk 00:06:46] [%emt 00:00:30]} 83. Ra3+ {[%clk 01:04:46] [%emt 00:00:43]}
83... Kb4 {[%clk 00:06:56] [%emt 00:00:18]} 84. Rd3 {[%clk 01:05:09] [%emt
00:00:09]} 84... Rc5+ {[%clk 00:07:12] [%emt 00:00:14]} 85. Kd6 {[%clk
01:05:08] [%emt 00:00:31]} 85... Rc3 {[%clk 00:07:14] [%emt 00:00:28]} 86. Rd4+
{[%clk 01:05:18] [%emt 00:00:21]} 86... Rc4 {[%clk 00:07:33] [%emt 00:00:10]}
87. Rd1 {[%clk 01:05:45] [%emt 00:00:04]} 87... Rc3 {[%clk 00:07:52] [%emt
00:00:08]} 88. Rb1+ {[%clk 01:05:49] [%emt 00:00:29]} 88... Rb3 {[%clk
00:08:19] [%emt 00:00:03]} 89. Rh1 {[%clk 01:05:48] [%emt 00:00:30]} 89... Rd3+
{[%clk 00:08:40] [%emt 00:00:10]} 90. Ke5 {[%clk 01:06:06] [%emt 00:00:11]}
90... Re3+ {[%clk 00:08:56] [%emt 00:00:14]} 91. Kd4 {[%clk 01:06:30] [%emt
00:00:06]} 91... Rg3 {[%clk 00:08:48] [%emt 00:00:37]} 92. Rb1+ {[%clk
01:06:56] [%emt 00:00:06]} 92... Rb3 {[%clk 00:09:11] [%emt 00:00:07]} 93. Rc1
{[%clk 01:07:24] [%emt 00:00:02]} 93... Rh3 {[%clk 00:09:05] [%emt 00:00:35]}
94. Rc4+ {[%clk 01:07:05] [%emt 00:00:50]} 94... Kb3 {[%clk 00:08:42] [%emt
00:00:52]} 95. Rc8 {[%clk 01:07:13] [%emt 00:00:23]} 95... Rh4+ {[%clk
00:09:06] [%emt 00:00:07]} 96. Kd5 {[%clk 01:07:37] [%emt 00:00:06]} 96... Rh5+
{[%clk 00:09:30] [%emt 00:00:06]} 97. Kc6 {[%clk 01:07:47] [%emt 00:00:19]}
97... Rh6+ {[%clk 00:09:46] [%emt 00:00:14]} 98. Kd7 {[%clk 01:08:03] [%emt
00:00:15]} 98... Rh7+ {[%clk 00:10:10] [%emt 00:00:06]} 99. Ke6 {[%clk
01:08:29] [%emt 00:00:03]} 99... Rh6+ {[%clk 00:10:24] [%emt 00:00:16]} 100.
Kf5 {[%clk 01:08:55] [%emt 00:00:05]} 100... Rh5+ {[%clk 00:10:34] [%emt
00:00:19]} 101. Kg4 {[%clk 01:09:21] [%emt 00:00:04]} 101... Rb5 {[%clk
00:10:46] [%emt 00:00:17]} 102. Kf3 {[%clk 01:09:36] [%emt 00:00:16]} 102...
Kb4 {[%clk 00:10:42] [%emt 00:00:34]} 103. Ke4 {[%clk 01:10:02] [%emt
00:00:05]} 103... Rc5 {[%clk 00:10:59] [%emt 00:00:13]} 104. Rb8+ {[%clk
01:10:24] [%emt 00:00:08]} 104... Rb5 {[%clk 00:11:15] [%emt 00:00:14]} 105.
Rd8 {[%clk 01:10:45] [%emt 00:00:09]} 105... Rc5 {[%clk 00:11:32] [%emt
00:00:12]} 106. Kd3 {[%clk 01:10:55] [%emt 00:00:20]} 106... Rc3+ {[%clk
00:11:57] [%emt 00:00:05]} 107. Kd2 {[%clk 01:11:20] [%emt 00:00:06]} 107...
Rc5 {[%clk 00:12:17] [%emt 00:00:09]} 108. Rd4+ {[%clk 01:11:40] [%emt
00:00:10]} 108... Rc4 {[%clk 00:12:44] [%emt 00:00:04]} 109. Rd7 {[%clk
01:11:36] [%emt 00:00:34]} 109... Rc5 {[%clk 00:13:07] [%emt 00:00:08]} 110.
Rh7 {[%clk 01:12:01] [%emt 00:00:05]} 110... Rd5+ {[%clk 00:13:25] [%emt
00:00:12]} 111. Kc2 {[%clk 01:12:25] [%emt 00:00:05]} 111... Rc5+ {[%clk
00:13:45] [%emt 00:00:11]} 112. Kb2 {[%clk 01:12:51] [%emt 00:00:04]} 112...
Rg5 {[%clk 00:13:42] [%emt 00:00:32]} 113. Rh4+ {[%clk 01:13:14] [%emt
00:00:08]} 113... Kb5 {[%clk 00:13:56] [%emt 00:00:14]} 114. Rh3 {[%clk
01:13:40] [%emt 00:00:06]} 1/2-1/2

[Event "New Zealand Junior Championship"]
[Site "Wellington"]
[Date "2023.01.07"]
[Round "5.5"]
[White "Qi, Jenny"]
[Black "Paxton, Levi"]
[Result "0-1"]
[WhiteElo "1556"]
[BlackElo "1912"]

1. e4 {[%clk 01:00:59] [%emt 00:00:01]} 1... c5 {[%clk 01:00:46] [%emt
00:00:14]} 2. Nf3 {[%clk 01:01:25] [%emt 00:00:04]} 2... Nc6 {[%clk 01:01:09]
[%emt 00:00:07]} 3. d4 {[%clk 01:01:52] [%emt 00:00:03]} 3... cxd4 {[%clk
01:01:23] [%emt 00:00:15]} 4. Nxd4 {[%clk 01:02:16] [%emt 00:00:07]} 4... e6
{[%clk 01:01:25] [%emt 00:00:28]} 5. Nc3 {[%clk 01:02:41] [%emt 00:00:05]} 5...
Qc7 {[%clk 01:01:40] [%emt 00:00:14]} 6. Be3 {[%clk 01:02:35] [%emt 00:00:37]}
6... a6 {[%clk 01:01:57] [%emt 00:00:13]} 7. Qd2 {[%clk 01:02:26] [%emt
00:00:38]} 7... Nf6 {[%clk 01:01:13] [%emt 00:01:14]} 8. O-O-O {[%clk 00:59:40]
[%emt 00:03:18]} 8... Bb4 {[%clk 00:58:34] [%emt 00:03:09]} 9. f3 {[%clk
00:59:57] [%emt 00:00:13]} 9... Ne5 {[%clk 00:57:28] [%emt 00:01:35]} 10. Kb1
{[%clk 00:54:23] [%emt 00:06:04]} 10... Nc4 {[%clk 00:56:16] [%emt 00:01:42]}
11. Bxc4 {[%clk 00:53:59] [%emt 00:00:54]} 11... Qxc4 {[%clk 00:56:37] [%emt
00:00:09]} 12. Qd3 {[%clk 00:51:37] [%emt 00:02:52]} 12... Qxd3 {[%clk
00:50:05] [%emt 00:07:02]} 13. Rxd3 {[%clk 00:51:53] [%emt 00:00:13]} 13... e5
{[%clk 00:50:30] [%emt 00:00:05]} 14. Nde2 {[%clk 00:52:03] [%emt 00:00:20]}
14... O-O {[%clk 00:48:51] [%emt 00:02:09]} 15. g4 {[%clk 00:47:47] [%emt
00:04:46]} 15... b5 {[%clk 00:45:04] [%emt 00:04:18]} 16. g5 {[%clk 00:47:12]
[%emt 00:01:05]} 16... Nh5 {[%clk 00:44:21] [%emt 00:01:13]} 17. Nd5 {[%clk
00:47:14] [%emt 00:00:27]} 17... Ba5 {[%clk 00:43:22] [%emt 00:01:30]} 18. Bc5
{[%clk 00:38:41] [%emt 00:09:03]} 18... Re8 {[%clk 00:41:53] [%emt 00:01:58]}
19. Bd6 {[%clk 00:32:22] [%emt 00:06:49]} 19... Bb7 {[%clk 00:40:32] [%emt
00:01:50]} 20. h4 {[%clk 00:26:10] [%emt 00:06:42]} 20... Rac8 {[%clk 00:37:37]
[%emt 00:03:26]} 21. Bb4 {[%clk 00:21:50] [%emt 00:04:50]} 21... Bxd5 {[%clk
00:37:15] [%emt 00:00:51]} 22. Bxa5 {[%clk 00:21:55] [%emt 00:00:24]} 22... Bc4
{[%clk 00:37:36] [%emt 00:00:11]} 23. Rd2 {[%clk 00:19:50] [%emt 00:02:36]}
23... Bxe2 {[%clk 00:36:56] [%emt 00:01:09]} 24. Rxe2 {[%clk 00:20:12] [%emt
00:00:08]} 24... Ng3 {[%clk 00:37:19] [%emt 00:00:07]} 25. Rhh2 {[%clk
00:20:04] [%emt 00:00:37]} 25... Nxe2 {[%clk 00:37:18] [%emt 00:00:32]} 26.
Rxe2 {[%clk 00:20:27] [%emt 00:00:06]} 26... Rc6 {[%clk 00:36:50] [%emt
00:00:59]} 27. Rd2 {[%clk 00:20:10] [%emt 00:00:47]} 27... d6 {[%clk 00:36:05]
[%emt 00:01:15]} 28. Bb4 {[%clk 00:19:56] [%emt 00:00:44]} 28... Re6 {[%clk
00:36:22] [%emt 00:00:14]} 29. Kc1 {[%clk 00:19:05] [%emt 00:01:20]} 29... f6
{[%clk 00:36:06] [%emt 00:00:46]} 30. Rg2 {[%clk 00:18:26] [%emt 00:01:08]}
30... fxg5 {[%clk 00:35:54] [%emt 00:00:43]} 31. Rxg5 {[%clk 00:18:19] [%emt
00:00:36]} 31... Rf6 {[%clk 00:35:24] [%emt 00:01:01]} 32. Rg3 {[%clk 00:18:25]
[%emt 00:00:24]} 32... Kf7 {[%clk 00:34:47] [%emt 00:01:05]} 33. Bd2 {[%clk
00:18:23] [%emt 00:00:33]} 33... Rg6 {[%clk 00:34:38] [%emt 00:00:40]} 34. Rxg6
{[%clk 00:18:04] [%emt 00:00:49]} 34... hxg6 {[%clk 00:34:02] [%emt 00:01:06]}
35. a3 {[%clk 00:17:06] [%emt 00:01:28]} 35... Ke6 {[%clk 00:33:56] [%emt
00:00:36]} 36. Be3 {[%clk 00:15:44] [%emt 00:01:52]} 36... d5 {[%clk 00:32:22]
[%emt 00:02:04]} 37. Kd2 {[%clk 00:15:25] [%emt 00:00:50]} 37... a5 {[%clk
00:30:33] [%emt 00:02:20]} 38. Kd3 {[%clk 00:14:51] [%emt 00:01:02]} 38... a4
{[%clk 00:28:31] [%emt 00:02:32]} 39. Kd2 {[%clk 00:14:00] [%emt 00:01:22]}
39... d4 {[%clk 00:26:36] [%emt 00:02:25]} 40. Bg5 {[%clk 00:13:59] [%emt
00:00:30]} 40... Rc4 {[%clk 00:23:20] [%emt 00:03:46]} 41. c3 {[%clk 00:12:25]
[%emt 00:02:04]} 41... dxc3+ {[%clk 00:22:40] [%emt 00:01:10]} 42. bxc3 {[%clk
00:12:46] [%emt 00:00:09]} 42... Rc8 {[%clk 00:22:56] [%emt 00:00:14]} 43. Kd3
{[%clk 00:12:38] [%emt 00:00:37]} 43... Rc7 {[%clk 00:22:58] [%emt 00:00:29]}
44. Kd2 {[%clk 00:12:49] [%emt 00:00:19]} 44... Rd7+ {[%clk 00:23:07] [%emt
00:00:20]} 45. Ke2 {[%clk 00:13:04] [%emt 00:00:16]} 45... Kd6 {[%clk 00:21:34]
[%emt 00:02:03]} 46. Be3 {[%clk 00:13:04] [%emt 00:00:31]} 46... g5 {[%clk
00:20:58] [%emt 00:01:05]} 47. hxg5 {[%clk 00:12:40] [%emt 00:00:53]} 47... g6
{[%clk 00:21:21] [%emt 00:00:07]} 48. f4 {[%clk 00:12:50] [%emt 00:00:20]}
48... exf4 {[%clk 00:21:14] [%emt 00:00:38]} 49. Bxf4+ {[%clk 00:11:55] [%emt
00:01:24]} 49... Ke6 {[%clk 00:20:38] [%emt 00:01:05]} 50. Bg3 {[%clk 00:11:23]
[%emt 00:01:03]} 50... Rh7 {[%clk 00:20:08] [%emt 00:01:00]} 51. Bb8 {[%clk
00:04:55] [%emt 00:06:59]} 51... Rh1 {[%clk 00:20:10] [%emt 00:00:28]} 52. e5
{[%clk 00:03:33] [%emt 00:01:52]} 52... Rg1 {[%clk 00:18:22] [%emt 00:02:18]}
53. Kd3 {[%clk 00:03:56] [%emt 00:00:07]} 53... Rg4 {[%clk 00:18:49] [%emt
00:00:02]} 54. Bd6 {[%clk 00:03:20] [%emt 00:01:07]} 54... Kd5 {[%clk 00:18:49]
[%emt 00:00:31]} 55. Be7 {[%clk 00:02:39] [%emt 00:01:10]} 55... Kxe5 {[%clk
00:18:50] [%emt 00:00:29]} 56. Bf6+ {[%clk 00:02:42] [%emt 00:00:28]} 56... Kd5
{[%clk 00:19:19] [%emt 00:00:01]} 57. Bd8 {[%clk 00:02:37] [%emt 00:00:35]}
57... Rg3+ {[%clk 00:19:41] [%emt 00:00:08]} 58. Kc2 {[%clk 00:02:21] [%emt
00:00:46]} 58... Kc4 {[%clk 00:20:10] [%emt 00:00:02]} 59. Bf6 {[%clk 00:02:22]
[%emt 00:00:24]} 59... Rg2+ {[%clk 00:20:28] [%emt 00:00:11]} 60. Kb1 {[%clk
00:02:46] [%emt 00:00:06]} 60... Kb3 {[%emt 00:00:05]} 61. Ka1 {[%clk 00:02:58]
[%emt 00:00:16]} 61... Rg1# {[%clk 00:20:44] [%emt 00:00:08]} 0-1